|
|
|
|
| LEADER |
00000nam a2200000 a 4500 |
| 001 |
vtls001412964 |
| 003 |
SK-MaSNL |
| 005 |
20260311123714.0 |
| 008 |
240314s1966 xr m 00000 cze |
| 035 |
|
|
|a SNK000367685
|
| 040 |
|
|
|a SNK
|b slo
|c SNK
|e AACR2
|
| 043 |
|
|
|a e-cs---
|
| 072 |
|
7 |
|a 339.5
|x Zahraničný obchod. Medzinárodný obchod
|2 konspekt
|
| 080 |
|
|
|a 339.5
|2 2011
|
| 080 |
|
|
|a (437)
|2 2011
|
| 080 |
|
|
|a (043.3)
|2 2011
|
| 100 |
1 |
|
|a Pleva, Jan,
|d 1911-
|4 aut
|9 61937
|
| 245 |
1 |
0 |
|a Některé problémy zahraničného obchodu v Československu a soustava řízení
|b kandidátská disertační práce, vypracovaná v Ekonomikcém ústavu ČSAV a ukončená v červenci 1966
|c Jan Pleva
|
| 260 |
|
|
|a Praha
|b Ekonomický ústav Československé akademie věd
|c 1966
|
| 300 |
|
|
|a 166 s.
|b tab.
|
| 490 |
1 |
|
|a Výzkumná publikace
|v 15
|
| 500 |
|
|
|a Pre vnútornú potrebu
|
| 504 |
|
|
|a Obsahuje bibliografiu a bibliografické odkazy
|
| 650 |
0 |
7 |
|a zahraničný obchod
|2 SNKPH
|9 2200
|
| 650 |
0 |
7 |
|a Foreign trade
|2 SNKPHeng
|9 268397
|
| 651 |
|
7 |
|a Československo
|2 SNKPHgeo
|9 21376
|
| 651 |
|
7 |
|a Czechoslovakia
|2 SNKPHeng
|9 265183
|
| 655 |
|
7 |
|a dizertácie
|2 SNKPH
|9 70277
|
| 655 |
|
7 |
|a Dissertations
|2 SNKPHeng
|9 303036
|
| 830 |
|
0 |
|a Výzkumná publikace
|9 390893
|
| 852 |
|
|
|a Štátna vedecká knižnica v Banskej Bystrici
|
| 958 |
|
|
|a OND
|
| 999 |
|
|
|c 639939
|d 641869
|
| 952 |
|
|
|t P60, <04>, [BOOK], {604}
|a SNK
|b SNK
|y VYP
|7 0
|p 17A0299816
|o snkID 42199 D1
|0 0
|1 1
|4 0
|d 2001-05-11
|l 0
|r 2005-01-02 00:00:00
|w 2026-02-23
|